[Event "WMSG Blitz Team 1st"]
[Site "Beijing"]
[Date "2008.10.13"]
[Round "7"]
[White "Mekhitarian, Krikor Sevag"]
[Black "Wu, Shaobin"]
[Result "0-1"]
[WhiteElo "2511"]
[BlackElo "2455"]
[PlyCount "108"]
[EventDate "2008.10.13"]
[EventType "tourn (blitz)"]
[EventRounds "11"]
[EventCountry "CHN"]
[SourceTitle "CBM 126 Extra"]
[Source "ChessBase"]
[SourceDate "2008.11.05"]
[SourceVersion "1"]
[SourceVersionDate "2008.11.05"]
[SourceQuality "1"]

1. e4 e5 2. Nf3 Nc6 3. Bc4 Bc5 4. c3 Nf6 5. d3 d6 6. Bb3 a6 7. O-O Ba7 8. Nbd2
O-O 9. h3 h6 10. Re1 Be6 11. Bc2 Ne7 12. d4 Ng6 13. Nf1 c6 14. Ng3 Re8 15. Nf5
Qc7 16. dxe5 dxe5 17. N3h4 Nxh4 18. Nxh4 Nh7 19. Qf3 Rad8 20. Nf5 Bxf5 21. Qxf5
Re6 22. Qg4 Rg6 23. Qh4 Nf8 24. Be3 Bxe3 25. Rxe3 Rd2 26. Bb3 Rf6 27. Rf1 Ng6
28. Qg4 Nf4 29. Kh2 Rg6 30. Qf5 Rxg2+ 31. Kh1 g6 32. Qf6 Nh5 33. Qh4 Rg5 34.
Rf3 Rd7 35. Rg1 Rxg1+ 36. Kxg1 Kg7 37. Qg4 Qd6 38. Kh2 Re7 39. Qh4 Nf4 40. Rg3
g5 41. Qg4 f6 42. h4 Qd7 43. hxg5 hxg5 44. Kg1 Qxg4 45. Rxg4 Rd7 46. Rg3 Ne2+
47. Kg2 Nxg3 48. Kxg3 Rd2 49. Kf3 Rxb2 50. Ke3 c5 51. Bd5 b5 52. f3 c4 53. a4
bxa4 54. Bxc4 a3 0-1

[Event "WMSG Blitz Team 1st"]
[Site "Beijing"]
[Date "2008.10.13"]
[Round "8"]
[White "Goldenberg, Igor"]
[Black "Mekhitarian, Krikor Sevag"]
[Result "0-1"]
[WhiteElo "2393"]
[BlackElo "2511"]
[PlyCount "101"]
[EventDate "2008.10.13"]
[EventType "tourn (blitz)"]
[EventRounds "11"]
[EventCountry "CHN"]
[SourceTitle "CBM 126 Extra"]
[Source "ChessBase"]
[SourceDate "2008.11.05"]
[SourceVersion "1"]
[SourceVersionDate "2008.11.05"]
[SourceQuality "1"]

1. Nf3 c5 2. c4 Nc6 3. Nc3 e5 4. g3 g6 5. Bg2 Bg7 6. O-O d6 7. d3 Nge7 8. Bg5
f6 9. Bd2 O-O 10. Qc1 Be6 11. Bh6 b6 12. Bxg7 Kxg7 13. a3 a5 14. Qc2 d5 15.
cxd5 Nxd5 16. Rac1 Qd7 17. Rfe1 Rac8 18. Qa4 Rfd8 19. Nd2 Nde7 20. Nc4 Rb8 21.
Qb5 Qc7 22. Qa4 Nd4 23. e3 Ndc6 24. Red1 Bd7 25. Nb5 Qc8 26. Ncd6 Qa6 27. Nc7
Qa7 28. Ncb5 Qa6 29. Qb3 Rf8 30. Nc7 Qa7 31. Ncb5 Qa6 32. Nc7 Qa7 33. Ndb5 Qb7
34. Ne6+ Bxe6 35. Qxe6 Qc8 36. Qc4 Qa6 37. a4 Qb7 38. d4 exd4 39. exd4 Rbd8 40.
dxc5 Rxd1+ 41. Rxd1 bxc5 42. Qxc5 Qc8 43. Nd6 Qd7 44. Rc1 Ne5 45. Qc7 Qe6 46.
Nb5 Kg8 47. Qc3 Nf5 48. Nd4 Qb6 49. Nxf5 gxf5 50. Qc7 Qb3 51. Qc2 0-1

[Event "WMSG Blitz Team 1st"]
[Site "Beijing"]
[Date "2008.10.13"]
[Round "11"]
[White "Mekhitarian, Krikor Sevag"]
[Black "Drozdovskij, Yuri"]
[Result "1-0"]
[WhiteElo "2511"]
[BlackElo "2587"]
[PlyCount "57"]
[EventDate "2008.10.13"]
[EventType "tourn (blitz)"]
[EventRounds "11"]
[EventCountry "CHN"]
[SourceTitle "CBM 126 Extra"]
[Source "ChessBase"]
[SourceDate "2008.11.05"]
[SourceVersion "1"]
[SourceVersionDate "2008.11.05"]
[SourceQuality "1"]

1. e4 e6 2. d4 d5 3. Nc3 Nf6 4. e5 Nfd7 5. f4 c5 6. Nf3 Nc6 7. Be3 a6 8. Qd2 b5
9. a3 Bb7 10. Be2 Be7 11. O-O O-O 12. Rad1 Rc8 13. dxc5 Nxc5 14. Nd4 Qc7 15.
Nxc6 Bxc6 16. Bd4 g6 17. Qe3 Bd7 18. b4 Nb7 19. f5 gxf5 20. Rxf5 Kh8 21. Bd3
exf5 22. Nxd5 Qd8 23. e6+ f6 24. exd7 Qxd7 25. Nxe7 Rce8 26. Re1 Nd6 27. Qh6
Ne4 28. Rxe4 fxe4 29. Bxf6+ 1-0

[Event "WMSG Rapid Team 1st"]
[Site "Beijing"]
[Date "2008.10.14"]
[Round "1"]
[White "Hussein, HA."]
[Black "Mekhitarian, Krikor Sevag"]
[Result "0-1"]
[WhiteElo "2354"]
[BlackElo "2511"]
[PlyCount "104"]
[EventDate "2008.10.14"]
[EventType "team (rapid)"]
[EventRounds "9"]
[EventCountry "CHN"]
[SourceTitle "CBM 126 Extra"]
[Source "ChessBase"]
[SourceDate "2008.11.05"]
[SourceVersion "1"]
[SourceVersionDate "2008.11.05"]
[SourceQuality "1"]

1. e4 c5 2. Nf3 Nc6 3. Bb5 d6 4. O-O Bd7 5. Re1 a6 6. Bxc6 Bxc6 7. d4 cxd4 8.
Qxd4 Nf6 9. Nc3 e6 10. Bg5 Be7 11. Rad1 O-O 12. Qe3 Qc7 13. h3 Rfd8 14. Nd4 Be8
15. Qg3 Nh5 16. Qh4 Bxg5 17. Qxg5 Nf6 18. Nd5 Nxd5 19. exd5 e5 20. Nf5 f6 21.
Qg4 Bg6 22. c4 Qd7 23. Nh4 Qxg4 24. hxg4 Rac8 25. b3 b5 26. Nxg6 hxg6 27. cxb5
axb5 28. Rc1 Rc5 29. Red1 Rdc8 30. Rxc5 Rxc5 31. Rd2 Rc1+ 32. Kh2 b4 33. Kg3
Kf7 34. Kf3 Ke7 35. Ke4 Kd7 36. Kd3 Kc7 37. Rc2+ Rxc2 38. Kxc2 Kb6 39. Kb2 Kc5
40. a4 bxa3+ 41. Kxa3 Kxd5 42. Kb4 Kc6 43. Ka5 d5 44. Kb4 g5 45. Ka5 g6 46. b4
d4 47. b5+ Kb7 48. Kb4 e4 49. Kc4 d3 50. Kc3 Kb6 51. f3 f5 52. gxf5 gxf5 0-1

[Event "WMSG Rapid Team 1st"]
[Site "Beijing"]
[Date "2008.10.14"]
[Round "2"]
[White "Mekhitarian, Krikor Sevag"]
[Black "Neubauer, Martin"]
[Result "1-0"]
[WhiteElo "2511"]
[BlackElo "2422"]
[PlyCount "91"]
[EventDate "2008.10.14"]
[EventType "team (rapid)"]
[EventRounds "9"]
[EventCountry "CHN"]
[SourceTitle "CBM 126 Extra"]
[Source "ChessBase"]
[SourceDate "2008.11.05"]
[SourceVersion "1"]
[SourceVersionDate "2008.11.05"]
[SourceQuality "1"]

1. e4 e5 2. Nf3 Nc6 3. Bb5 Nf6 4. O-O Nxe4 5. d4 Nd6 6. Bxc6 dxc6 7. dxe5 Nf5
8. Qxd8+ Kxd8 9. Nc3 Ke8 10. h3 Be7 11. g4 Nh4 12. Nxh4 Bxh4 13. Kg2 h5 14. f3
Be7 15. Be3 Be6 16. a3 b6 17. Rad1 Rd8 18. Rxd8+ Kxd8 19. Rd1+ Kc8 20. Kg3 hxg4
21. hxg4 Bh4+ 22. Kg2 Be7 23. Ne2 c5 24. Nf4 Kb7 25. Nxe6 fxe6 26. Rd7 Re8 27.
c4 Kc8 28. Rd1 Rh8 29. f4 g6 30. a4 a5 31. Kg3 Bh4+ 32. Kf3 Be7 33. Kg3 Bh4+
34. Kg2 Be7 35. Bf2 Rh7 36. Bg3 Rh8 37. b3 Rh7 38. Rd3 Rh8 39. Kf3 Rd8 40.
Rxd8+ Kxd8 41. f5 gxf5 42. gxf5 Kd7 43. f6 Bf8 44. Bf4 Ke8 45. Kg4 Kf7 46. Kh5
1-0

[Event "WMSG Rapid Team 1st"]
[Site "Beijing"]
[Date "2008.10.15"]
[Round "4"]
[White "Mekhitarian, Krikor Sevag"]
[Black "Liiva, Riho"]
[Result "0-1"]
[WhiteElo "2511"]
[BlackElo "2460"]
[PlyCount "114"]
[EventDate "2008.10.14"]
[EventType "team (rapid)"]
[EventRounds "9"]
[EventCountry "CHN"]
[SourceTitle "CBM 126 Extra"]
[Source "ChessBase"]
[SourceDate "2008.11.05"]
[SourceVersion "1"]
[SourceVersionDate "2008.11.05"]
[SourceQuality "1"]

1. e4 e5 2. Nf3 Nf6 3. Nxe5 d6 4. Nf3 Nxe4 5. d4 d5 6. Bd3 Nd6 7. O-O Bg4 8. h3
Bh5 9. Re1+ Be7 10. Re5 Bxf3 11. Qxf3 c6 12. Qe2 Nd7 13. Re3 Nf8 14. c3 Ne6 15.
Qg4 O-O 16. Re1 Bg5 17. f4 Bh6 18. f5 Bxc1 19. fxe6 f5 20. Qe2 Qg5 21. Na3 Bf4
22. e7 Rf7 23. Qf3 Re8 24. Rf1 Be3+ 25. Kh1 Ne4 26. Nc2 Ng3+ 27. Kh2 Nxf1+ 28.
Rxf1 Rexe7 29. Bxf5 g6 30. Be6 Bf4+ 31. Qxf4 Qxf4+ 32. Rxf4 Rxe6 33. Rg4 Re2
34. Nb4 Rxb2 35. Nd3 Rxa2 36. Ne5 Rf5 37. c4 dxc4 38. Nxc4 Rd5 39. Ne3 Rd7 40.
Re4 Ra4 41. Ng4 Kg7 42. Re8 Raxd4 43. Rb8 a5 44. Ne5 Re7 45. Nf3 Rb4 46. Ra8 a4
47. Ra7 Kf6 48. Kg3 b5 49. Ra6 Rc4 50. Nd2 Rc3+ 51. Kf4 Kg7 52. Nf3 a3 53. h4
b4 54. h5 Rxf3+ 55. gxf3 Rb7 56. Kg5 h6+ 57. Kf4 gxh5 0-1

[Event "WMSG Rapid Team 1st"]
[Site "Beijing"]
[Date "2008.10.15"]
[Round "5"]
[White "Annaberdiev, Meilis"]
[Black "Mekhitarian, Krikor Sevag"]
[Result "1-0"]
[WhiteElo "2444"]
[BlackElo "2511"]
[PlyCount "177"]
[EventDate "2008.10.14"]
[EventType "team (rapid)"]
[EventRounds "9"]
[EventCountry "CHN"]
[SourceTitle "CBM 126 Extra"]
[Source "ChessBase"]
[SourceDate "2008.11.05"]
[SourceVersion "1"]
[SourceVersionDate "2008.11.05"]
[SourceQuality "1"]

1. d4 Nf6 2. Nf3 e6 3. Bg5 c5 4. e3 Be7 5. Nbd2 cxd4 6. exd4 b6 7. Bd3 Bb7 8.
O-O d6 9. Re1 Nbd7 10. a4 a6 11. c3 O-O 12. Qe2 Re8 13. Nc4 Qc7 14. Ne3 Bf8 15.
Nd2 g6 16. f4 e5 17. dxe5 dxe5 18. f5 e4 19. Bc4 Bg7 20. fxg6 hxg6 21. Rf1 b5
22. Ba2 Rf8 23. Rf2 Nh7 24. Be7 Ne5 25. Bxf8 Rxf8 26. axb5 axb5 27. Raf1 Qb6
28. Kh1 Kh8 29. Nb3 f5 30. Nd4 Nd3 31. Ne6 Nxf2+ 32. Qxf2 Rf6 33. Nxg7 Kxg7 34.
Qg3 Qc5 35. h4 Bc8 36. Nd5 Qd6 37. Nf4 Kh8 38. Bb3 Nf8 39. Rd1 Qe7 40. Nd5 Qg7
41. Nxf6 Qxf6 42. Rd6 Qe7 43. Qf4 Kh7 44. Rd1 Bb7 45. Qd6 Qxh4+ 46. Kg1 e3 47.
Qc7+ Kh6 48. Qxb7 Qf2+ 49. Kh2 Qh4+ 50. Kg1 Qf2+ 51. Kh2 e2 52. Qe7 Qf4+ 53.
Kg1 exd1=Q+ 54. Bxd1 Nh7 55. Qe2 b4 56. Qf2 Qd6 57. Qh4+ Kg7 58. Qd4+ Qxd4+ 59.
cxd4 Kf6 60. Kf2 Ng5 61. Ke3 Ne4 62. Bc2 Nd6 63. Bd3 Ke6 64. Be2 Kd5 65. Kd3 g5
66. Bf3+ Ke6 67. Bc6 g4 68. b3 Kf6 69. Ke3 Nf7 70. Kf4 Nd8 71. Bd5 g3 72. Kxg3
Ke7 73. Kf4 Kd6 74. Bc4 Nc6 75. Kxf5 Nxd4+ 76. Kf6 Nc6 77. g4 Ne5 78. Be6 Nd3
79. g5 Nf4 80. Bf7 Kd7 81. g6 Nh5+ 82. Kg5 Ng7 83. Kf6 Nh5+ 84. Ke5 Kc6 85. Ke6
Kc7 86. Ke7 Kc6 87. Kf8 Nf6 88. g7 Nd7+ 89. Ke7 1-0

[Event "WMSG Rapid Team 1st"]
[Site "Beijing"]
[Date "2008.10.15"]
[Round "6"]
[White "Mekhitarian, Krikor Sevag"]
[Black "Lovik, Lasse Ostebo"]
[Result "1-0"]
[WhiteElo "2511"]
[BlackElo "2167"]
[PlyCount "119"]
[EventDate "2008.10.14"]
[EventType "team (rapid)"]
[EventRounds "9"]
[EventCountry "CHN"]
[SourceTitle "CBM 126 Extra"]
[Source "ChessBase"]
[SourceDate "2008.11.05"]
[SourceVersion "1"]
[SourceVersionDate "2008.11.05"]
[SourceQuality "1"]

1. e4 e5 2. Nf3 Nc6 3. Bb5 a6 4. Ba4 Nf6 5. O-O Be7 6. Re1 b5 7. Bb3 O-O 8. h3
d6 9. c3 Nd7 10. d4 Bf6 11. a4 Bb7 12. d5 Ne7 13. axb5 axb5 14. Rxa8 Qxa8 15.
Na3 Rb8 16. Be3 Ba6 17. Nc2 Nc5 18. Nb4 Bc8 19. Bc2 Na6 20. Nd3 c5 21. dxc6
Qxc6 22. Ndxe5 Qc7 23. Ng4 Bxg4 24. hxg4 g6 25. Bf4 Rd8 26. Qe2 Qd7 27. e5 Nd5
28. Bg3 dxe5 29. g5 Bg7 30. Nxe5 Bxe5 31. Qxe5 Nac7 32. Rd1 Re8 33. Qd4 Qe7 34.
Qd2 Nb6 35. Bb3 Ne6 36. Qd6 Nc4 37. Bxc4 bxc4 38. Qxe7 Rxe7 39. Be5 Rb7 40. Ra1
Kf8 41. Bf6 Ke8 42. Ra4 Rxb2 43. Rxc4 Rb5 44. f4 Kd7 45. Kf2 Rb8 46. Kf3 Ra8
47. Rb4 Kc6 48. g4 Rg8 49. Ra4 Kb6 50. Ra1 Rc8 51. Rb1+ Kc6 52. Rh1 Nf8 53. f5
Kd5 54. Bg7 Kc4 55. Bxf8 Rxf8 56. Rxh7 Kd3 57. Kf4 gxf5 58. gxf5 Kxc3 59. Ke5
f6+ 60. gxf6 1-0

[Event "WMSG Rapid Team 1st"]
[Site "Beijing"]
[Date "2008.10.16"]
[Round "7"]
[White "Rasmussen, Karsten"]
[Black "Mekhitarian, Krikor Sevag"]
[Result "1/2-1/2"]
[WhiteElo "2466"]
[BlackElo "2511"]
[PlyCount "153"]
[EventDate "2008.10.14"]
[EventType "team (rapid)"]
[EventRounds "9"]
[EventCountry "CHN"]
[SourceTitle "CBM 126 Extra"]
[Source "ChessBase"]
[SourceDate "2008.11.05"]
[SourceVersion "1"]
[SourceVersionDate "2008.11.05"]
[SourceQuality "1"]

1. Nf3 c5 2. c4 Nc6 3. Nc3 e5 4. e3 Nf6 5. a3 Be7 6. d4 exd4 7. exd4 cxd4 8.
Nxd4 O-O 9. Be2 d5 10. O-O Nxd4 11. Qxd4 dxc4 12. Qxd8 Rxd8 13. Bxc4 a6 14. Re1
Kf8 15. a4 Bf5 16. Be3 Rac8 17. Bf1 Bc5 18. Bxc5+ Rxc5 19. Rad1 Rxd1 20. Rxd1
Ke7 21. g3 a5 22. h3 g5 23. g4 Be6 24. Rd4 b6 25. f4 gxf4 26. Rxf4 Nd5 27.
Nxd5+ Rxd5 28. b4 h5 29. bxa5 bxa5 30. gxh5 Rxh5 31. h4 Rc5 32. Kf2 f5 33. Ke3
Kf6 34. Kd4 Rd5+ 35. Ke3 Rc5 36. Kd4 Rd5+ 37. Ke3 Rd1 38. Bc4 Bd7 39. Be2 Ra1
40. Rd4 Bxa4 41. Kf4 Bc2 42. Rd6+ Ke7 43. Ra6 a4 44. h5 Rh1 45. h6 Be4 46. Ke5
a3 47. h7 Kf8 48. Rxa3 Rxh7 49. Ra6 Rb7 50. Bc4 Ke7 51. Re6+ Kd7 52. Rd6+ Kc7
53. Rf6 Rb4 54. Be6 Rb5+ 55. Kf4 Kd6 56. Bxf5+ Ke7 57. Re6+ Kf7 58. Rxe4 Kf6
59. Re6+ Kf7 60. Ra6 Ke7 61. Re6+ Kf7 62. Kg5 Rb7 63. Rh6 Re7 64. Rf6+ Kg7 65.
Rd6 Kf7 66. Bg6+ Kg7 67. Bf5 Kf7 68. Rd8 Kg7 69. Rb8 Kf7 70. Rh8 Kg7 71. Rh7+
Kf8 72. Rh6 Kg7 73. Rg6+ Kf7 74. Kf4 Kf8 75. Rb6 Kg7 76. Kg5 Kf7 77. Rb8
1/2-1/2

[Event "WMSG Rapid Team 1st"]
[Site "Beijing"]
[Date "2008.10.16"]
[Round "9"]
[White "Vavrak, Peter"]
[Black "Mekhitarian, Krikor Sevag"]
[Result "1/2-1/2"]
[WhiteElo "2478"]
[BlackElo "2511"]
[PlyCount "42"]
[EventDate "2008.10.14"]
[EventType "team (rapid)"]
[EventRounds "9"]
[EventCountry "CHN"]
[SourceTitle "CBM 126 Extra"]
[Source "ChessBase"]
[SourceDate "2008.11.05"]
[SourceVersion "1"]
[SourceVersionDate "2008.11.05"]
[SourceQuality "1"]

1. d4 Nf6 2. c4 g6 3. g3 Bg7 4. Bg2 d5 5. cxd5 Nxd5 6. e4 Nb6 7. Ne2 c5 8. d5
e6 9. Nbc3 exd5 10. exd5 O-O 11. O-O Bg4 12. h3 Bxe2 13. Qxe2 Na6 14. Bf4 Re8
15. Qf3 Nb4 16. Rad1 Nc2 17. d6 Nd4 18. Qxb7 Rb8 19. Qxa7 Qd7 20. Qxd7 Nxd7 21.
Rd2 Rec8 1/2-1/2

[Event "BRA-ch 75th"]
[Site "Porto Alegre"]
[Date "2008.12.07"]
[Round "1"]
[White "Milos, Gilberto"]
[Black "Mekhitarian, Krikor Sevag"]
[Result "1/2-1/2"]
[WhiteElo "2593"]
[BlackElo "2511"]
[PlyCount "149"]
[EventDate "2008.12.07"]
[EventType "tourn"]
[EventRounds "11"]
[EventCountry "BRA"]
[EventCategory "9"]
[SourceTitle "CBM 127 Extra"]
[Source "ChessBase"]
[SourceDate "2009.01.08"]
[SourceVersion "2"]
[SourceVersionDate "2009.01.28"]
[SourceQuality "1"]

1. e4 c5 2. Nf3 Nc6 3. d4 cxd4 4. Nxd4 Nf6 5. Nc3 e5 6. Ndb5 d6 7. a4 a6 8. Na3
Bg4 9. f3 Be6 10. Bc4 Rc8 11. Be3 Nb4 12. Bxe6 fxe6 13. O-O Be7 14. Ne2 d5 15.
c3 Nc6 16. Ng3 O-O 17. Nc2 Na5 18. Qe2 Qd7 19. Kh1 Nb3 20. Rad1 Qxa4 21. exd5
Nxd5 22. Bg1 Bf6 23. Ne4 Be7 24. g3 Qc4 25. Qg2 Rf5 26. Ne3 Nxe3 27. Bxe3 Qc6
28. Rd3 Rcf8 29. Bf2 Bc5 30. Re1 Bxf2 31. Qxf2 Qc4 32. Qe2 Nc5 33. Nxc5 Qxc5
34. Kg2 Qc6 35. Qe4 Qxe4 36. Rxe4 Re8 37. Kf2 Kf8 38. Ke3 Ke7 39. Rc4 Rf7 40.
Rc7+ Kf6 41. Rxf7+ Kxf7 42. Ke4 Ke7 43. Kxe5 Rc8 44. Rd4 Rc5+ 45. Ke4 b5 46. f4
h5 47. Rd1 a5 48. Rd4 Rc6 49. Kd3 Rc5 50. c4 b4 51. b3 g5 52. fxg5 Rxg5 53. Rf4
e5 54. Rf2 h4 55. gxh4 Rg4 56. Ra2 Rxh4 57. Rxa5 Rh3+ 58. Ke4 Rxb3 59. Rxe5+
Kd6 60. c5+ Kc6 61. Kd4 Rh3 62. Re6+ Kd7 63. Re2 Kc6 64. Re6+ Kd7 65. Rb6 Rxh2
66. Rxb4 Rh4+ 67. Kc3 Rxb4 68. Kxb4 Kc6 69. Kc4 Kc7 70. Kd5 Kd7 71. c6+ Kc7 72.
Kc5 Kc8 73. Kd6 Kd8 74. c7+ Kc8 75. Kc6 1/2-1/2

[Event "BRA-ch 75th"]
[Site "Porto Alegre"]
[Date "2008.12.08"]
[Round "2"]
[White "Mekhitarian, Krikor Sevag"]
[Black "Vescovi, Giovanni P"]
[Result "0-1"]
[WhiteElo "2511"]
[BlackElo "2635"]
[PlyCount "82"]
[EventDate "2008.12.07"]
[EventType "tourn"]
[EventRounds "11"]
[EventCountry "BRA"]
[EventCategory "9"]
[SourceTitle "CBM 127 Extra"]
[Source "ChessBase"]
[SourceDate "2009.01.08"]
[SourceVersion "2"]
[SourceVersionDate "2009.01.28"]
[SourceQuality "1"]

1. Nf3 d5 2. c4 e6 3. g3 dxc4 4. Qa4+ Nd7 5. Bg2 a6 6. Ne5 Ngf6 7. Nxc4 b5 8.
Qd1 Nd5 9. Nca3 Bb7 10. O-O c5 11. Nc2 Be7 12. d4 O-O 13. e4 N5f6 14. d5 Nb6
15. dxe6 Qxd1 16. Rxd1 Bxe4 17. exf7+ Rxf7 18. Ne3 Bxg2 19. Kxg2 Ne4 20. f3 Ng5
21. f4 Ne6 22. Nc3 Nd4 23. Bd2 Re8 24. Rac1 Bf8 25. Re1 Rfe7 26. Ned5 Nxd5 27.
Nxd5 Re2+ 28. Kf1 Kf7 29. Bc3 Rxh2 30. Rxe8 Kxe8 31. Bxd4 cxd4 32. Rc8+ Kf7 33.
f5 d3 34. Rc7+ Kg8 35. f6 gxf6 36. Kg1 Rh6 37. Rd7 f5 38. Rd8 Kf7 39. Ne3 Rd6
40. Rxd6 Bxd6 41. Kg2 Bc5 0-1

[Event "BRA-ch 75th"]
[Site "Porto Alegre"]
[Date "2008.12.09"]
[Round "4"]
[White "Mekhitarian, Krikor Sevag"]
[Black "Diamant, Andre"]
[Result "1-0"]
[WhiteElo "2511"]
[BlackElo "2412"]
[PlyCount "325"]
[EventDate "2008.12.07"]
[EventType "tourn"]
[EventRounds "11"]
[EventCountry "BRA"]
[EventCategory "9"]
[SourceTitle "CBM 127 Extra"]
[Source "ChessBase"]
[SourceDate "2009.01.08"]
[SourceVersion "2"]
[SourceVersionDate "2009.01.28"]
[SourceQuality "1"]

1. e4 c5 2. Nf3 d6 3. d4 cxd4 4. Nxd4 Nf6 5. Nc3 Nc6 6. Bg5 e6 7. Qd2 Be7 8.
O-O-O Qb6 9. Bxf6 Bxf6 10. Nxc6 bxc6 11. Na4 Qb7 12. Qxd6 Rb8 13. e5 Be7 14.
Ba6 Qa8 15. Qd3 O-O 16. Bxc8 Rfxc8 17. Rhe1 Qb7 18. Qc4 c5 19. f3 Qc7 20. a3
Rd8 21. f4 Qc6 22. Rxd8+ Rxd8 23. Qe4 Qd7 24. Kb1 Qd2 25. Re2 Qd1+ 26. Ka2 Rd4
27. Qa8+ Bf8 28. Nc3 Qf1 29. g3 Rd1 30. Qe4 Ra1+ 31. Kb3 Qc1 32. Na4 Qf1 33. c4
Qd1+ 34. Qc2 Qd7 35. Qe4 Qd1+ 36. Qc2 Qd7 37. Qe4 Qd1+ 38. Rc2 Qd8 39. Qe2 Qb8+
40. Kc3 Qe8 41. Kb3 Qb8+ 42. Kc3 Qe8 43. b3 Qc6 44. Kb2 Qh1 45. Nc3 g6 46. Qg2
Qe1 47. Qf2 Qh1 48. Qe3 h5 49. h4 Be7 50. Qf2 Bf8 51. Qg2 Qe1 52. Qf2 Qh1 53.
Qh2 Qf1 54. Qe2 Qg1 55. Qg2 Qe1 56. Qf3 Qg1 57. Qe4 Kg7 58. Qg2 Qe1 59. Qf2 Qh1
60. Qe3 Kg8 61. Re2 Kg7 62. Rh2 Qf1 63. Qd2 Qg1 64. Rg2 Qf1 65. Re2 Qg1 66. Qc2
Re1 67. Rxe1 Qxe1 68. Ne4 Be7 69. Qd3 Kf8 70. Nd2 Kg7 71. Ne4 Kf8 72. Nc3 Qf2+
73. Ne2 Qe1 74. Kc2 Qa1 75. a4 Qe1 76. Qd2 Qf2 77. Kd3 Qf3+ 78. Qe3 Qf1 79. Kc2
Qe1 80. Qf3 Kg7 81. Nc3 Bf8 82. Kd3 Be7 83. Ne4 Bf8 84. Nd2 Be7 85. Qe3 Qd1 86.
Qf2 Bf8 87. Qf1 Qg4 88. Qf3 Qh3 89. Ne4 Qh2 90. Nd2 Qg1 91. Ke2 Qc1 92. Qd3 Qg1
93. Ne4 Qg2+ 94. Nf2 Qg1 95. Kf3 Qe1 96. Kg2 a6 97. Qe4 Qb4 98. Qa8 a5 99. Qf3
Qd2 100. Qd3 Qb4 101. Kf1 Be7 102. Ke2 Bf8 103. Ne4 Qb7 104. Ke3 Be7 105. Qc3
Bf8 106. Kf3 Be7 107. Qd3 Bf8 108. Ke2 Be7 109. Kd2 Bf8 110. Ke3 Be7 111. Qc3
Bf8 112. Nd2 Qb6 113. Kf2 Be7 114. Nb1 Qb7 115. Nd2 Qb6 116. Nf3 Bf8 117. Qd3
Qb4 118. Ng5 Be7 119. Ne4 Qb7 120. Nd2 Bf8 121. Nf3 Be7 122. Kg2 Kg8 123. Kh3
Kg7 124. g4 hxg4+ 125. Kxg4 Qc6 126. h5 gxh5+ 127. Kxh5 Qb7 128. Kg4 Qc6 129.
Qd2 Qc7 130. f5 exf5+ 131. Kxf5 Qb6 132. Qg2+ Kf8 133. Qh2 Ke8 134. Qh8+ Kd7
135. Qa8 Qxb3 136. Qd5+ Ke8 137. Qa8+ Kd7 138. Qd5+ Ke8 139. e6 fxe6+ 140. Kxe6
Qb6+ 141. Ke5 Qf6+ 142. Ke4 Bd6 143. Qf5 Qc3 144. Qe6+ Be7 145. Qc8+ Bd8 146.
Qc6+ Kf8 147. Qxc5+ Be7 148. Qf5+ Kg8 149. Qe6+ Kf8 150. Nd4 Qe1+ 151. Kd5 Qb4
152. Qf5+ Kg8 153. Qg6+ Kh8 154. Qe8+ Kh7 155. Qh5+ Kg8 156. Qg6+ Kh8 157. Qc6
Qe1 158. Qh6+ Kg8 159. Qe6+ Qxe6+ 160. Kxe6 Kf8 161. Kd7 Bf6 162. Ne6+ Kf7 163.
c5 1-0

[Event "BRA-ch 75th"]
[Site "Porto Alegre"]
[Date "2008.12.11"]
[Round "6"]
[White "Barreto Filho, Carlos Alberto"]
[Black "Mekhitarian, Krikor Sevag"]
[Result "1/2-1/2"]
[WhiteElo "2300"]
[BlackElo "2511"]
[PlyCount "99"]
[EventDate "2008.12.07"]
[EventType "tourn"]
[EventRounds "11"]
[EventCountry "BRA"]
[EventCategory "9"]
[SourceTitle "CBM 127 Extra"]
[Source "ChessBase"]
[SourceDate "2009.01.08"]
[SourceVersion "2"]
[SourceVersionDate "2009.01.28"]
[SourceQuality "1"]

1. d4 Nf6 2. Nf3 g6 3. c4 Bg7 4. Nc3 d5 5. cxd5 Nxd5 6. Bd2 O-O 7. Rc1 Nb6 8.
e3 Nc6 9. Be2 e5 10. dxe5 Nxe5 11. Nxe5 Bxe5 12. O-O Be6 13. Qc2 c6 14. Rfd1
Bg7 15. f4 Qe7 16. e4 Nc4 17. Bxc4 Bxc4 18. Be3 Rfe8 19. Bd4 f6 20. Qf2 b6 21.
Rd2 Rad8 22. Rcd1 Ba6 23. Be3 Bf8 24. h4 Rxd2 25. Qxd2 f5 26. e5 Qxh4 27. Qd7
Qe7 28. Qxc6 Bb7 29. Qd7 Qxd7 30. Rxd7 Re7 31. Rd8 Bc6 32. Rc8 Bb7 33. Rd8 Bc6
34. Rc8 Bd7 35. Rd8 Be6 36. Nd5 Bxd5 37. Rxd5 Kf7 38. a4 Rb7 39. Rb5 Be7 40. a5
Bd8 41. axb6 axb6 42. Rd5 Be7 43. Rb5 Bd8 44. Rd5 Ke7 45. Rd6 Bc7 46. Rc6 Kd7
47. Rf6 Bd8 48. Rd6+ Kc7 49. Kf2 b5 50. Kf3 1/2-1/2

[Event "BRA-ch 75th"]
[Site "Porto Alegre"]
[Date "2008.12.14"]
[Round "8"]
[White "Gattass, Allan Arriada"]
[Black "Mekhitarian, Krikor Sevag"]
[Result "0-1"]
[WhiteElo "2223"]
[BlackElo "2511"]
[PlyCount "76"]
[EventDate "2008.12.07"]
[EventType "tourn"]
[EventRounds "11"]
[EventCountry "BRA"]
[EventCategory "9"]
[SourceTitle "CBM 127 Extra"]
[Source "ChessBase"]
[SourceDate "2009.01.08"]
[SourceVersion "2"]
[SourceVersionDate "2009.01.28"]
[SourceQuality "1"]

1. e4 c5 2. Nf3 d6 3. d4 cxd4 4. Qxd4 Nc6 5. Bb5 Bd7 6. Bxc6 Bxc6 7. Nc3 Nf6 8.
Bg5 e6 9. O-O-O Be7 10. Kb1 O-O 11. Qd3 Qa5 12. Bd2 Qc7 13. Nd4 Rfd8 14. f4 a6
15. Rde1 Rac8 16. Bc1 b5 17. Re2 Bb7 18. Nd1 b4 19. Nf2 a5 20. g4 d5 21. e5 Ne4
22. Be3 Bc5 23. Qb5 Bf8 24. Ree1 Nc5 25. Qe2 Ba6 26. Qf3 a4 27. Bc1 b3 28. cxb3
axb3 29. a3 Na4 30. Qxb3 Qa5 31. Rd1 Nc3+ 32. Ka1 Nxd1 33. Rxd1 Rc4 34. Be3
Bxa3 35. Kb1 Rb4 36. Bd2 Rxb3 37. Bxa5 Rxb2+ 38. Ka1 Ra8 0-1

[Event "BRA-ch 75th"]
[Site "Porto Alegre"]
[Date "2008.12.14"]
[Round "9"]
[White "Mekhitarian, Krikor Sevag"]
[Black "Oliveira, Silvio Eduardo"]
[Result "1/2-1/2"]
[WhiteElo "2511"]
[BlackElo "2345"]
[PlyCount "85"]
[EventDate "2008.12.07"]
[EventType "tourn"]
[EventRounds "11"]
[EventCountry "BRA"]
[EventCategory "9"]
[SourceTitle "CBM 127 Extra"]
[Source "ChessBase"]
[SourceDate "2009.01.08"]
[SourceVersion "2"]
[SourceVersionDate "2009.01.28"]
[SourceQuality "1"]

1. e4 c5 2. Nf3 d6 3. d4 cxd4 4. Nxd4 Nf6 5. Nc3 Nc6 6. Bg5 e6 7. Qd2 Be7 8.
O-O-O Nxd4 9. Qxd4 O-O 10. f4 Qa5 11. Kb1 h6 12. h4 e5 13. Qd3 exf4 14. Bxf4
Be6 15. Be2 Rac8 16. Nd5 Bxd5 17. exd5 Qa4 18. c4 b5 19. Qb3 Ne4 20. Rc1 Qxb3
21. axb3 bxc4 22. Rxc4 Rxc4 23. bxc4 Rb8 24. Kc2 Bf6 25. Rb1 Bxh4 26. Bd3 Bg3
27. Bxg3 Nxg3 28. Ra1 g5 29. Rxa7 h5 30. Kc3 h4 31. b4 Rc8 32. Kd4 Rb8 33. Kc3
Rc8 34. Kd4 Rb8 35. Ra4 g4 36. Kc3 Rc8 37. Kd4 Rb8 38. Kc3 Rc8 39. b5 Kg7 40.
b6 Kf6 41. Kd4 Kg5 42. Ra2 f5 43. c5 1/2-1/2

[Event "BRA-ch 75th"]
[Site "Porto Alegre"]
[Date "2008.12.15"]
[Round "10"]
[White "Bittencourt, Jorge"]
[Black "Mekhitarian, Krikor Sevag"]
[Result "0-1"]
[WhiteElo "2455"]
[BlackElo "2511"]
[PlyCount "50"]
[EventDate "2008.12.07"]
[EventType "tourn"]
[EventRounds "11"]
[EventCountry "BRA"]
[EventCategory "9"]
[SourceTitle "CBM 127 Extra"]
[Source "ChessBase"]
[SourceDate "2009.01.08"]
[SourceVersion "2"]
[SourceVersionDate "2009.01.28"]
[SourceQuality "1"]

1. e4 c5 2. Nf3 d6 3. d4 cxd4 4. Nxd4 Nf6 5. Nc3 a6 6. Be3 e6 7. f3 b5 8. Qd2
Nbd7 9. g4 h6 10. O-O-O b4 11. Na4 Ne5 12. Qxb4 Bd7 13. Nc3 Qc7 14. Nb3 Nxf3
15. Be2 Ne5 16. h3 Bc6 17. Qd4 Bb7 18. Rhe1 Be7 19. h4 Rc8 20. g5 Nxe4 21. Bd2
Nxd2 22. Nxd2 hxg5 23. hxg5 Bxg5 24. Kb1 Rh4 25. Qg1 Bf6 0-1